• 首页
  • 本馆介绍
  • 公告通知
  • 最新文献
  • 馆藏检索
  • 电子资源
  • 读者导购
  • 参考咨询
  • 我的图书馆
  • 登录
  • 详细信息显示
  • 放入我的书架
  • 预约/预借图书
  • 作者相关作品
  • 分类相关作品
  • 丛书相关作品
  • 出版社相关作品

书目信息

  • 表格格式
  • 工作单格式
  • 卡片格式
题名:
中华人民共和国最高人民法院最高人民检察院司法解释与指导案例
    
 
作者:
分册:   民事卷
出版信息: 北京   中国法制出版社  2011.06
页数: 72,1582页
开本: 21cm
丛书名:
单 册:
中图分类: D920.5 , D925.105
科图分类:
主题词: 法律解释--中国 , 案例--中国--现代 , 民事诉讼法--法律解释--中国 , 民事诉讼法--案例--中国--现代 , 法律解释 , 案例 , 民事诉讼法
电子资源:
ISBN: 978-7-5093-2710-4
000 01640nam0 2200349 450
001 012011067405
005 20130628105029.43
010    @a978-7-5093-2710-4@b精装@dCNY145.00
100    @a20110806d2011 em y0chiy50 ea
101 0  @achi
102    @aCN@b110000
105    @ak n 000yy
106    @ar
200 1  @a中华人民共和国最高人民法院最高人民检察院司法解释与指导案例@9zhong hua ren min gong he guo zui gao ren min fa yuan zui gao ren min jian cha yuan si fa jie shi yu zhi dao an li@dThe Supreme People's Court the Supreme People's Procuratorate judicial interpretations & guiding cases@i民事卷@zeng
205    @a2版
210    @a北京@c中国法制出版社@d2011.06
215    @a72,1582页@d21cm
312    @a版权页题名:最高人民法院最高人民检察院司法解释与指导案例
330    @a本书收录新中国成立以来最高人民法院、最高人民检察院及其他部委联合发布的截至2011年4月的现行有效的民事类司法解释以及与诉讼活动密切相关的司法文件。同时在全面收录《最高人民法院公报》案例的基础上,重点收录最高人民法院相关部门编辑的权威案例。
510 1  @aSupreme People's Court the Supreme People's Procuratorate judicial interpretations & guiding cases@zeng
517 1  @a最高人民法院最高人民检察院司法解释与指导案例@9zui gao ren min fa yuan zui gao ren min jian cha yuan si fa jie shi yu zhi dao an li
606 0  @a法律解释@y中国
606 0  @a案例@y中国@z现代
606 0  @a民事诉讼法@x法律解释@y中国
606 0  @a民事诉讼法@x案例@y中国@z现代
606 0  @a法律解释
606 0  @a案例
606 0  @a民事诉讼法
690    @aD920.5@v4
690    @aD925.105@v4
801  0 @aCN@bRENTIAN@c20110806
905    @b544883-85@dD920.5@e1038=2@f3
    
    中华人民共和国最高人民法院最高人民检察院司法解释与指导案例=The Supreme People's Court the Supreme People's Procuratorate judicial interpretations & guiding cases.民事卷.-2版.-北京:中国法制出版社,2011.06
    72,1582页;21cm
    
    
    ISBN 978-7-5093-2710-4(精装):CNY145.00
    本书收录新中国成立以来最高人民法院、最高人民检察院及其他部委联合发布的截至2011年4月的现行有效的民事类司法解释以及与诉讼活动密切相关的司法文件。同时在全面收录《最高人民法院公报》案例的基础上,重点收录最高人民法院相关部门编辑的权威案例。
●
相关链接 在E读中查询图书 在五车中查询图书 在当当中查询图书 在豆瓣中查询图书


正题名:中华人民共和国最高人民法院最高人民检察院司法解释与指导案例     索取号:D920.5/1038=2         预约/预借

序号 登录号 条形码 馆藏地/架位号 状态 备注
1 544883   205448835   第一样本阅览室/ [索取号:D920.5/1038=2] 在馆    
2 544884   205448844   第一借阅区/ [索取号:D920.5/1038=2] 在馆    
3 544885   205448853   史法系资料室/ [索取号:D920.5/1038=2] 在馆    
唐山师范学院图书馆 欢迎您!
大连网信软件有限公司© 版权所有